The sign of the beaver (Record no. 283982)
[ view plain ]
| 000 -LEADER | |
|---|---|
| fixed length control field | 00701nam a22002417a 4500 |
| 001 - CONTROL NUMBER | |
| control field | ELB015701 |
| 003 - CONTROL NUMBER IDENTIFIER | |
| control field | PILC |
| 005 - DATE AND TIME OF LATEST TRANSACTION | |
| control field | 20160128094201.0 |
| 008 - FIXED-LENGTH DATA ELEMENTS--GENERAL INFORMATION | |
| fixed length control field | 150514b xxu||||| |||| 00| 0 eng d |
| 010 ## - LIBRARY OF CONGRESS CONTROL NUMBER | |
| LC control number | |
| 020 ## - INTERNATIONAL STANDARD BOOK NUMBER | |
| International Standard Book Number | 0440479002 |
| 050 ## - LIBRARY OF CONGRESS CALL NUMBER | |
| Classification number | PZ7 .Sp31 1983 |
| 100 1# - MAIN ENTRY--PERSONAL NAME | |
| Personal name | Speare, Elizabeth George. |
| 245 14 - TITLE STATEMENT | |
| Title | The sign of the beaver |
| Statement of responsibility, etc | Elizabeth George Speare. |
| 260 ## - PUBLICATION, DISTRIBUTION, ETC. (IMPRINT) | |
| Place of publication, distribution, etc | New York : |
| Name of publisher, distributor, etc | Bantam Doubleday, |
| Date of publication, distribution, etc | c1983. |
| 300 ## - PHYSICAL DESCRIPTION | |
| Extent | 135 p. ; |
| Dimensions | 19 cm. |
| 500 ## - GENERAL NOTE | |
| General note | "A Yearling book" |
| 650 ## - SUBJECT ADDED ENTRY--TOPICAL TERM | |
| Topical term or geographic name as entry element | Friendship |
| General subdivision | Fiction. |
| 650 ## - SUBJECT ADDED ENTRY--TOPICAL TERM | |
| Topical term or geographic name as entry element | Frontier and pioneer life |
| General subdivision | Fiction. |
| 650 ## - SUBJECT ADDED ENTRY--TOPICAL TERM | |
| Topical term or geographic name as entry element | Indians of South America |
| General subdivision | Fiction. |
| 650 ## - SUBJECT ADDED ENTRY--TOPICAL TERM | |
| Topical term or geographic name as entry element | Survival |
| General subdivision | Fiction. |
| 942 ## - ADDED ENTRY ELEMENTS (KOHA) | |
| Source of classification or shelving scheme | Library of Congress Classification |
| Koha item type | Books |
| Call number suffix | PZ 7 .Sp31 1983 |
| Withdrawn status | Lost status | Source of classification or shelving scheme | Damaged status | Home library | Current library | Shelving location | Date acquired | Source of acquisition | Total Checkouts | Full call number | Barcode | Date last seen | Price effective from | Koha item type |
|---|---|---|---|---|---|---|---|---|---|---|---|---|---|---|
| Library of Congress Classification | Luxembourg Library | Luxembourg Library | Kids Fiction Section | 05/14/2015 | Donation | PZ 7 .Sp31 1983 | 5330 | 05/27/2015 | 05/14/2015 | Books |